00911cam a2200253 a 4500003001000000005001700010007000300027008004100030020001500071040003000086041000800116082002700124100001800151245018700169250001800356300002900374336002700403337003300430338002800463650005400491650005700545700002900602700002600631CO-BoRNBP20230512143237.0ta890721s2006 mx a jr 00010 spa d a9684941919 aCO-BoBLA bspa cCO-BoBLA0 aspa04aI372.4 bG71a 221 ed.0 aGrafo Latn̕.10aABC : bun invento extraordinario por el maestro Grafo Latin de la Academia de la Lengua y la Nariz / cayudante del maestro Grafo Latn̕ Alonso Nuęz ; ilustraciones Carmen Arvizu. a1a. edición a30 p. : bil. ; c28 cm. 2rdacontentatextobtxt 2rdamediaasin mediaciónbn 2rdacarrieravolumenbnc aEspaǫlx Alfabetox Enseąnza elemental.2LEMB aEspaǫlx Ortografa̕x Enseąnza elemental.2LEMB12aNę͠z, Alonso, d1969-12aArvizu, Carmen, eil.